000 01304cac a2200349 i 4500
003 EG-GICUC
005 20260121101538.0
008 100602s2010 ne frb 001 0 eng d
020 _a9789067043205
_qhbk.
020 _a9067043206
_qhbk.
040 _aBTCTA
_beng
_cBTCTA
_dYDXCP
_dOHX
_dBWX
_dGXR
_dBOL
_dRCJ
_dDLC
_dEG-GICUC
_erda
050 0 0 _aKZ4017
_b.N37 2010
082 0 4 _221
_a341.77
092 0 4 _221
099 _aLaw 10 2010
100 1 _aNaqvi, Yasmin.
245 1 0 _aImpediments to exercising jurisdiction over international crimes /
_cby Yasmin Q. Naqvi.
264 _aThe Hague :
_bT.M.C. Asser Press,
_c2010.
300 _axviii, 418 page ;
_c25 cm.
_b,
336 _atext
_btxt
_2rdacontent
337 _aunmediated
_bn
_2rdamedia
338 _avolume
_bnc
_2rdacarrier
504 _aIncludes bibliographical references (p. 381-394) and index.
505 0 _aIntroduction -- Amnesties -- Pardons -- Statutes of limitations -- Immunities -- The principle of ne bis in idem -- Abuse of process.
650 0 _aJurisdiction (International law)
650 0 _aInternational crimes.
650 0 _aInternational criminal courts.
650 0 _aConflict of laws
_xJurisdiction.
856 4 0 _uhttps://fll.law.cu.edu.eg/fulltext/bks/ENGB10-00091.pdf
905 _a10
942 _2ddc
_cBK
_e21
_n0
999 _c52532
_d52532